Statistics for NFL TEAMS WORD SCRAMBLE

Click here to take the quiz!

General Stats

  • This quiz has been taken 44 times
  • The average score is 23 of 31

Answer Stats

HintAnswer% Correct
solniLions
97%
stlocColts
92%
soywobcCowboys
92%
etjsJets
89%
asmrRams
89%
liosdpnhDolphins
86%
larsdicnaCardinals
84%
asraugjJaguars
84%
sliblBills
81%
ecnsarbceuBuccaneers
81%
fihsceChiefs
76%
cerkaspPackers
76%
osnbcorBroncos
73%
asofclnFalcons
73%
staingGiants
73%
arbseBears
70%
gesaleEagles
70%
xaestnTexans
70%
gkisivnVikings
70%
nwborsBrowns
68%
eksahswaSeahawks
68%
niattsTitans
68%
monradmsceCommanders
65%
nissatSaints
65%
sbglenaBengals
59%
gahsrrceChargers
59%
rsaetnhpPanthers
59%
ottarpisPatriots
57%
dirraesRaiders
57%
nearsvRavens
57%
elsetresSteelers
57%

Score Distribution

Percentile by Number Answered

Percent of People with Each Score

Your Score History

You have not taken this quiz